| 000 | 00558nam a22001817a 4500 | ||
|---|---|---|---|
| 082 |
_aP-830 _cSyn-31 |
||
| 100 |
_aFahad Shabbir Cheema _951561 |
||
| 245 | _aEffect of confinement on dynamic behavior of masonry structure | ||
| 260 |
_aRisalpur, _bMCE, _c2019. |
||
| 300 |
_a107p. _bill. _c30cm. |
||
| 526 |
_a0 _b0 _c0 _dP_830 |
||
| 700 |
_aHafiz Muhammad Faheem _951562 |
||
| 700 |
_aMaj Dr Muhammad Rizwan _948119 |
||
| 700 |
_aMuhammad Talha Javed _951563 |
||
| 700 |
_aNuman Ahmed _951564 |
||
| 700 |
_aSyed Noor-Ul-Arifeen Shah _951565 |
||
| 942 |
_2ddc _cBK |
||
| 999 |
_c554235 _d554235 |
||